000 00571nam a2200169 i 4500
001 97062
003 ES-MaACL
005 20230906182030.0
007 t|
008 050706s1957 sp ||||1| spa d
245 0 0 _aManual para la formación de vendedores /
_cpublicado por la National Society of Sales Training Executive; revisado por James H. Davis; [traducción de Rafael Estartús].
260 _aBarcelona :
_bOmega,
_c1957.
300 _a409 p.
700 1 _aDavis, James H.
_942971
700 1 _aEstartús, Rafael.
_948021
852 _aES-MaACL
_jC-12949
_bR.41298
999 _c97062
_d97062